Miasta w Usa - nagła śmierć - Statystyki

Ogólne statystyki
  • Ten quiz został rozwiązany 431 razy
  • Średni wynik to 7 z 14
Answers on the Grid
Answers color-coded by a green-red scale on the quiz's grid according to % correct below.
Chicago
Denver
Montreal
Orlando
Liverpool
Orlean
Tijuana
Boston
Osaka
Las Vegas
Sacramento
Baltimore
Calgary
Atlanta
Kopenhaga
Dortmund
Arizona
San diego
Miami
Portoryko
Honolulu
Szanghaj
Singapur
Indianapolis
Marsylia
Port Elizabeth
Soczi
Los Angeles
Pittsburgh
Auckland
Perth
 
Statystyki odpowiedzi
Odpowiedź % Poprawnych
Chicago
97%
Denver
76%
Orlando
58%
Boston
56%
Las Vegas
51%
Atlanta
44%
Miami
42%
Los Angeles
41%
Indianapolis
35%
Sacramento
35%
San diego
35%
Baltimore
33%
Honolulu
30%
Pittsburgh
25%
Nie znaleziono quizów pasujących do podanych kryteriów
Rozkład punktacji
Procent ludzi z każdym wynikiem
Percentyl według liczby udzielonych odpowiedzi
Twoja historia wyników
Nie rozwiązałeś tego quizu